000 00456nam a2200193Ia 4500
005 20240823045655.0
008 240823s9999||||xx |||||||||||||| ||und||
020 _a978-93-81069-75-2
041 _aENGLISH
082 _A621 Q3
100 _aMade Easy Publication
245 0 _aGate :2013 Mechanical Engineering
250 _a6th
260 _c2013
_bMade Easy Public
500 _aYES
650 _aGATE
_bGeneral
942 _cBK
999 _c215502
_d215502